[Event "Mistrzostwa Polski Mlodzikow do lat 10 - Chlopcy"]
[Site "Karpacz"]
[Date "1899-12-30"]
[Round "9.31"]
[White "Ratajczak, Marcin"]
[Black "Maciejek, Marcel"]
[Result "0-1"]
[WhiteTitle "III"]
[BlackTitle "II"]
[WhiteElo "1122"]
[BlackElo "1104"]

1. e4 c5 2. Nf3 e6 3. d4 cxd4 4. Nxd4 a6 5. Nc3 b5 6. a3 Bb7 7. Bd3 Qc7 8. Be3
Nf6 9. O-O h5 10. Qd2 Ng4 11. f4 Bc5 12. h3 Nc6 13. hxg4 Bxd4 14. Bxd4 Nxd4 15.
Ne2 Qb6 16. Nxd4 Qxd4+ 17. Qf2 Qxf2+ 18. Kxf2 hxg4 19. Kg3 g6 20. Kxg4 f5+ 21.
Kf3 Rc8 22. Rh1 Rxh1 23. Rxh1 fxe4+ 24. Bxe4 Bxe4+ 25. Kxe4 Rxc2 26. g4 Rxb2 27.
Rh8+ Ke7 28. Rh7+ Kd6 29. Rh6 b4 30. axb4 Rxb4+ 31. Kf3 a5 32. Rxg6 a4 33. f5
Ke5 34. f6 Rf4+ 35. Kg3 Rxf6 36. Rg5+ Ke4 37. Ra5 Rf3+ 38. Kh4 a3 39. g5 Rf8 40.
Rxa3 Kf4 41. Ra4+ Kf3 42. Ra3+ Kf4 43. Ra4+ Kf5 44. Ra5+ d5 45. Kg3 Kxg5 46. Ra6
Rf6 47. Ra5 Rf5 48. Ra6 e5 49. Ra8 Rf4 50. Rg8+ Kf5 51. Rf8+ Ke4 52. Re8 d4 53.
Rd8 Ke3 54. Re8 Rf3+ 55. Kg2 e4 56. Re5 d3 57. Rd5 Ke2 58. Re5 e3 59. Re4 d2 60.
Rd4 d1=Q 61. Rd2+ 0-1

[Event "Mistrzostwa Polski Mlodzikow do lat 10 - Chlopcy"]
[Site "Karpacz"]
[Date "1899-12-30"]
[Round "9.32"]
[White "Karp, Kacper"]
[Black "Michno, Mateusz"]
[Result "1-0"]
[WhiteTitle "II"]
[BlackTitle "III"]
[WhiteElo "1078"]
[BlackElo "1213"]

1. e4 e5 2. Nf3 Nc6 3. d4 exd4 4. Nxd4 Qh4 5. Nc3 Bb4 6. Be3 Qxe4 7. Nxc6 dxc6
8. Qd2 Nf6 9. Nxe4 Bxd2+ 10. Nxd2 Be6 11. O-O-O O-O-O 12. Bd3 Nd5 13. Bc5 b6 14.
Ba3 b5 15. Bc5 Nf4 16. Be4 g6 17. Bxc6 Bd5 18. Bxd5 Rxd5 19. Nb3 Rhd8 20. Rxd5
Rxd5 21. g3 Ne6 22. Be3 1-0

[Event "Mistrzostwa Polski Mlodzikow do lat 10 - Chlopcy"]
[Site "Karpacz"]
[Date "1899-12-30"]
[Round "9.33"]
[White "Sowinski, Pawel"]
[Black "Jurewicz, Igor"]
[Result "0-1"]
[WhiteTitle "III"]
[BlackTitle "III"]
[WhiteElo "1192"]
[BlackElo "1104"]

1. e4 c5 2. Nf3 d6 3. d4 cxd4 4. Nxd4 Nf6 5. Nc3 a6 6. Be3 e5 7. Nf3 Be6 8. Be2
Be7 9. Na4 Nbd7 10. c4 Nxe4 11. Qc2 Nef6 12. Rd1 Rc8 13. O-O O-O 14. b3 b5 15.
Nb2 d5 16. Nd2 Qc7 17. Rc1 e4 18. h3 Ne5 19. Bf4 Bd6 20. c5 Bxc5 21. Kh1 Nfd7
22. b4 Bb6 23. Qxc7 Rxc7 24. Rxc7 Bxc7 25. Rc1 Bb6 26. f3 e3 27. Nf1 d4 28. a4
Ng6 29. Bd6 Rd8 30. Rc6 Bd5 31. Rc1 Nf6 32. Bh2 Bc4 33. Bd3 Bxd3 34. Nxd3 bxa4
35. Ra1 e2 36. Ng3 Re8 37. Ne1 Nf4 38. Rxa4 d3 39. Ra2 Bf2 0-1